ბათუმის შოთა რუსთაველის სახელმწიფო უნივერსიტეტის ბიბლიოთეკა

რჩეული თხზულებანი: ორ ტომად.1910-1914 ტ.2 (ბიბ.ჩანაწერი № 42382)

000 -LEADER
fixed length control field 00699nam a2200217Ia 4500
001 - CONTROL NUMBER
control field 9078
003 - CONTROL NUMBER IDENTIFIER
control field GE_BSU
008 - FIXED-LENGTH DATA ELEMENTS--GENERAL INFORMATION
fixed length control field 181216s||||||||xx |||||||||||||| ||und||
040 ## - CATALOGING SOURCE
Transcribing agency GE_BSU
080 ## - UNIVERSAL DECIMAL CLASSIFICATION NUMBER
Universal Decimal Classification number 821-353.1-32
100 ## - MAIN ENTRY--PERSONAL NAME
Personal name ლომთათიძე,ჭოლა
245 ## - TITLE STATEMENT
Title რჩეული თხზულებანი: ორ ტომად.1910-1914 ტ.2
245 ## - TITLE STATEMENT
Remainder of title ტ.2.1910-1914
245 ## - TITLE STATEMENT
Statement of responsibility, etc. შემდგ.: გ.ციციშვილი
260 ## - PUBLICATION, DISTRIBUTION, ETC.
Place of publication, distribution, etc. თბილისი.
260 ## - PUBLICATION, DISTRIBUTION, ETC.
Name of publisher, distributor, etc. საბჭ.საქართველო
260 ## - PUBLICATION, DISTRIBUTION, ETC.
Date of publication, distribution, etc. 1972.
300 ## - PHYSICAL DESCRIPTION
Extent 334გვ;21სმ.
653 ## - INDEX TERM--UNCONTROLLED
Uncontrolled term რჩეული თხზულებანი
942 ## - ADDED ENTRY ELEMENTS (KOHA)
Koha item type წიგნი
ეგზემპლარები
Withdrawn status Lost status Damaged status Not for loan Date acquired Barcode Date last seen Price effective from Koha item type
        2018-12-17 31812 2018-12-17 2018-12-17 წიგნი
        2018-12-17 22312 აგრ.ტექ.ბიბლ. 2018-12-17 2018-12-17 წიგნი
        2018-12-17 22313 აგრ.ტექ.ბიბლ. 2018-12-17 2018-12-17 წიგნი
        2018-12-17 22314 აგრ.ტექ.ბიბლ. 2018-12-17 2018-12-17 წიგნი
        2018-12-17 22315 აგრ.ტექ.ბიბლ. 2018-12-17 2018-12-17 წიგნი